000 00678nam a2200205Ia 4500
003 GCL
008 140319s9999 xx 000 0 ara d
040 _aGCL /
_cGCL
082 0 4 _a812.009
_bام
100 1 _aاحمد عثمان
245 1 0 _aالمصادر الكلاسكية لمسرح توفيق الحكيم /
_cاحمد عثمان
260 _aالقاهرة :
_bالشركة المصرية العالمية للنشر ،
_c1993
300 _a345 ص ؛
_c18 سم
490 _aادبيات
_v0
650 0 4 _aالادب العربى
650 0 4 _aتوفيق الحكيم
650 0 4 _aالادب المقارن
650 0 4 _aتاريخ ونقد
942 _2ddc
_cBK
999 _c33080
_d33080